000 00957nam a22002297a 4500
999 _c3012
_d3012
003 AR-CdUCM
008 190305b ||||| |||| 00| 0 spa d
040 _aMUNICIPALIDAD PROVINCIAL DEL CUSCO
_cBIBLIOTECA MUNICIPAL DEL CUSCO
082 _a985.009 /
_bN37
100 _aNeira Samanez, Hugo
_910286
245 _aFrancisco Bolognesi /
260 _aLima :
_bVisión Peruana,
_bMonterrico,
_c1987.
300 _a63 páginas ;
_bilustraciones,
_c21 cm.
440 _aLos que hicieron el Perú, Biblioteca visión peruana.
_n13
_910287
500 _aEsta publicación es un aporte de la revista Visión Peruana" - Cubierta posterior.
505 _aContenido: La huella vital y los datos biográficos -- Familia y nacimiento -- Juventud y madurez -- La artillería y los viajes a Europa -- El carácter de Bolognesi ...
650 _aHistoria
_9136
650 _aBiografía
_922
650 _aMilitar, Tarapaca
_910288
942 _2ddc
_cLIBROS
945 _aachl